Responses for Show #394 - Thursday, March 13, 1986

Contestants

[<< previous game]

Clint Swett, a newspaper copy editor from Sacramento, California

Davina Rubin, a teacher originally from New York City

Jean Youngerman, an analytical chemist from San Diego, California

[next game >>]

Jeopardy! Round responses

1984
TAX FACTS
LANGUAGE
RIVER SONGS
MILITARY MEN
CHICKENS
    $100 4
[NOTE: Jean said the "II" as "2".]

John Paul II

Jean
    $100 24
(Clint: What is income tax?)
...
(Alex: We've got less than a minute to go in the round.)

Social Security

DavinaClint
    $100 6
(Davina: Oh! [*]! What is [*]?)
(Alex: Yes.)
(Davina: I don't speak like dat; I never tawked like that in my life.)
[Laughter]

Brooklyn

Davina
    $100 3
a lazy river

Clint
    $100 14
Annapolis (the Naval Academy)

Jean
    $100 1
(Davina: What is a Plymouth?)
(Alex: More specific.)

a Plymouth Rock

Davina
    $200 5
Romania

Davina
    $200 7
letters

Jean
    $200 22
(Alex: I noticed that all of you have stayed away from TAX FACTS.)
[Laughter]

Running Bear

Clint
    $200 15
(Edward) O'Hare

Davina
    $200 2
an incubator

Davina
    $300 11
the Betty Ford Clinic

Jean
    $300 23
(Davina: What are tax returns?)
(Alex: No.)
(Davina: Tax forms.)

tax rebates (refunds)

JeanDavina
    $300 16
romance language

Clint
    $400 25
(Davina: I haven't got a clue. "Rag Doll".)
(Alex: No, you forgot the category.)
(Davina: Oh, "River Doll".)

"River Deep, Mountain High"

Davina
    $300 17
Steve Canyon

Clint
    $300 8
69 billion

Jean
    $400 12
Ray Parker Jr.

Triple Stumper
    $400 19
Latin

Davina
    $400 26
(Clint: What is "waist deep in the big money"? Muddy.)
(Jean: What is "down by the lazy river"?)
...
[The end-of-round signal sounds.]

"Down By The Riverside"

JeanDavinaClint
    $400 18
(Vernon) Castle

Davina
    $400 9
Jewish

Jean
    $500 13
Stroh's beer

Clint
    $500 20
linguistics

Clint
    $500 21
Frank Borman

Clint
    $500 10
(Jean: What is Africa?)

Asia

Jean
Triple Stumper

Scores at the first commercial break (after clue 13):

Jean Davina Clint
$800 $600 $600

Scores at the end of the Jeopardy! Round:

Jean Davina Clint
$800 $1,400 $1,900

Double Jeopardy! Round responses

AMERICAN HISTORY
NEW TESTAMENT NICKNAMES
SKIN
SITCOMS
NATIONAL ANTHEMS
"CLARK"s
    $200 2
(Jean: What is 48?)

49

JeanClint
    $200 26
[The end-of-round signal sounds.]

Jesus

Jean
    $200 16
the dermis

Davina
    $200 11
(Davina: Oh, [*]. What is [*]?)

The Dick Van Dyke Show

Davina
    $200 12
Australia

Jean
    $200 1
Dick Clark

Clint
    $400 3
George Custer

Jean
    $400 17
psoriasis

Clint
    $400 22
Fish

Jean
    $400 13
(Alex: That's right; spend a lot of time in Vienna.)

Austria

Jean
    $400 5
(Jean: Who is Shirley Temple?)

Petula Clark

Jean
Triple Stumper
    $600 4
president (of the United States)

Davina
    $600 19
the color

Jean
    $600 23
I Love Lucy

Davina
    $400 14
"O Canada"

Jean
    $600 6
(Clint: Who...)

William Clark

Clint
Triple Stumper
    $800 9
indentured servants

Triple Stumper
    $800 20
(Alex: We've got about a minute to go in the round.)

nails

Clint
    $800 24
Maude

Jean
    $800 15
the Soviet Union

Davina
    $800 7
Mark Clark

Clint
    $1000 10
the Ku Klux Klan (KKK)

Jean
    $400 21
(Clint: Uh, what is the same person?)

identical twins

Clint
    $1000 25
(Alex: The father was Tony Curtis, she was, [*].)

Jamie Lee Curtis

Triple Stumper
    $1000 18
(Clint: "O beautiful for city's gleam"?)
(Davina: What is "O beautiful for patriot's dream"?)
(Jean: No clue.)

"O thus be it ever"

DavinaClint
Triple Stumper
    $1000 8
(Alex: Leader of the Progressive Conservative Party, [*].)

Joe Clark

Triple Stumper

Scores at the end of the Double Jeopardy! Round:

Jean Davina Clint
$4,600 $2,800 $2,300

[wagering suggestions for these scores]

Final Jeopardy! Round responses

SPORTING EVENTS
(Alex: [To Clint] About 400,000 people each year turn out for that event.)
...
(Alex: [To Davina] I assure you mean the Kentucky Derby? I interpreted that as the Kentucky Derby, but we know that is incorrect.)
[NOTES: Davina did have that double "the" in her response.
Jean did spell the Super Bowl that way.]
ClintWhat is Indy 500
$2,300
DavinaWhat is the the Run for the Roses
$701
JeanWhat is the Superbowl?
$1,050
the Indy 500

Final scores:

Jean Davina Clint
$3,550 $2,099 $4,600
2nd place: trip on Air Cal to San Francisco & stay at Holiday Lodge 3rd place: Unknown New champion: $4,600

Game dynamics:

Coryat scores:

Jean Davina Clint
$4,800 $3,200 $2,700
16 R
(including 1 DD),
4 W
14 R,
3 W
(including 1 DD)
12 R,
5 W
(including 1 DD)

Combined Coryat: $10,700

[game clues] [game scores] [suggest correction]

Game tape date: 1985-10-23
The J! Archive is created by fans, for fans. Scraping, republication, monetization, and malicious use prohibited; this site may use cookies and collect identifying information. See terms. The Jeopardy! game show and all elements thereof, including but not limited to copyright and trademark thereto, are the property of Jeopardy Productions, Inc. and are protected under law. This website is not affiliated with, sponsored by, or operated by Jeopardy Productions, Inc. Join the discussion at JBoard.tv.